000 00932nam a2200241Ia 4500
005 20211112080639.0
008 130821s1958 ag abc gr spa
040 _aCO-BoUCM
_bspa
_cJose A. Gerena (modificó)
_d[Nuevo]
041 0 0 _aspa
100 1 _aDíaz-Plaja, Guillermo
_d1909-1984
_932992
245 1 0 _aHistoria de la literatura española
_cGuillermo Díaz Plaja
_ba través de la crítica y de los textos
246 0 4 _aHistoria de la literatura española
_bsiglos XII-XX
250 _a4a ed
260 _aBuenos Aires (Argentina)
_bCiordia
_c1958
300 _a602 páginas
_bilustraciones, mapas, retratos
500 _aDonación UCM-C-ARRAYANES
650 7 _aCrítica literaria
_zEspaña
_912204
650 7 _aLiteratura española
_xHistoria
_944681
650 7 _aLiteratura europea
_926524
690 0 _aLiteratura europea
_926524
942 _cLIBRO
_a18
_e4
_mD542h
_2DEWEY
_h860.9
999 _c78234
_d78234